[Event "Michigan Beginners"]
[Site "Grand Rapids, MI"]
[Date "1998.??.??"]
[Round "?"]
[White "Zulauf, M."]
[Black "Nolan, Dan"]
[Result "1-0"]
[WhiteElo "1605"]
[BlackElo "1605"]
[PlyCount "127"]
[EventDate "1998.01.??"]

1. d4 d5 2. c4 e6 3. Nf3 Nf6 4. Bg5 Be7 5. e3 O-O 6. Nc3 Nc6 7. Bxf6 Bxf6 8.
Bd3 Na5 9. Qa4 b6 10. b4 Nb7 11. O-O dxc4 12. Bxc4 Nd6 13. Ba6 Bxa6 14. Qxa6
Nf5 15. Ne4 Be7 16. a3 Nd6 17. Nfd2 Qc8 18. Qa4 Nb7 19. Qc6 a5 20. Rac1 Bd8 21.
bxa5 Rxa5 22. Nc4 Ra8 23. a4 Na5 24. Nxa5 Rxa5 25. Nd6 Qb8 26. Nb7 Ra7 27. Nxd8
Qxd8 28. g3 Qd6 29. Qxd6 cxd6 30. Rc6 Rxa4 31. Rxd6 Rb4 32. Rc1 Rb8 33. Rdc6 g6
34. Rc8+ Rxc8 35. Rxc8+ Kg7 36. Kg2 Kf6 37. f4 Rb1 38. Kf3 b5 39. Ke4 Rb4 40.
g4 Rc4 41. g5+ Kg7 42. Rc5 Rb4 43. Ke5 Rb2 44. d5 exd5 45. Rxd5 b4 46. Rb5 Rb3
47. e4 Rb2 48. h4 b3 49. Kd4 Rb1 50. Kc3 Re1 51. e5 Rf1 52. Rxb3 Rxf4 53. Rb4
Rf3+ 54. Kd4 Rh3 55. Kd5 h6 56. Rb7 hxg5 57. e6 Rf3 58. e7 Rf5+ 59. Ke4 Rf4+
60. Kd5 Rf5+ 61. Kd6 Rf6+ 62. Kd7 Re6 63. hxg5 Rxe7+ 64. Kxe7 1-0

[Event "Michigan Beginners"]
[Site "Grand Rapids, MI"]
[Date "1998.??.??"]
[Round "?"]
[White "Zulauf, M."]
[Black "Cokewell, M."]
[Result "1-0"]
[WhiteElo "1605"]
[BlackElo "1605"]
[PlyCount "95"]
[EventDate "1998.01.??"]

1. d4 d5 2. c4 e6 3. Nc3 Ne7 4. Bf4 b6 5. Nb5 Na6 6. Nf3 Ng6 7. Qa4 c6 8. Nc3
Nxf4 9. Qxc6+ Bd7 10. Qb7 Nb4 11. O-O-O Bc6 12. Qxa8 Bxa8 13. e3 Ng6 14. cxd5
Bxd5 15. Ne5 Qc7 16. Kb1 Nxe5 17. dxe5 Be4+ 18. Ka1 Nc2+ 19. Kb1 Nxe3+ 20. Nxe4
Nxd1 21. Bb5+ Ke7 22. Rxd1 Qxe5 23. Rd7+ Ke8 24. Rd5+ Ke7 25. Rxe5 f5 26. Nc3
Kf6 27. Re2 Bb4 28. Rc2 Rd8 29. a3 Bxc3 30. Rxc3 Rd2 31. Rc2 Rxc2 32. Kxc2 Ke5
33. Kd3 f4 34. Ke2 g5 35. Kf3 h5 36. g4 hxg4+ 37. Kxg4 Kf6 38. Bd7 e5 39. f3
Ke7 40. Bc8 Kd6 41. Kxg5 Kd5 42. Kf5 Kd4 43. h4 Ke3 44. Bb7 e4 45. Bxe4 Kd4 46.
h5 a5 47. h6 a4 48. h7 1-0

[Event "Michigan Women's"]
[Site "Ann Arbor, MI"]
[Date "1998.??.??"]
[Round "?"]
[White "Zarzycki, Katherine"]
[Black "Shettlewood, Jeni"]
[Result "1-0"]
[WhiteElo "1605"]
[BlackElo "1605"]
[PlyCount "23"]
[EventDate "1998.12.??"]

1. e4 e5 2. Nf3 Nc6 3. Bc4 Nf6 4. d4 Nxe4 5. dxe5 Bc5 6. O-O O-O 7. Re1 Bxf2+
8. Kf1 Bxe1 9. Qxe1 Qe7 10. Qxe4 d6 11. Bd3 dxe5 12. Qxh7# 1-0

[Event "Michigan Women's"]
[Site "Ann Arbor, MI"]
[Date "1998.??.??"]
[Round "?"]
[White "Zarzycki, Katherine"]
[Black "Livschitz, Louiza"]
[Result "0-1"]
[WhiteElo "1605"]
[BlackElo "1605"]
[PlyCount "90"]
[EventDate "1998.12.??"]

1. e4 c5 2. Nf3 Nc6 3. Bc4 e6 4. O-O d5 5. exd5 exd5 6. Bb5 Be6 7. Ne5 Qc7 8.
Re1 Bd6 9. Nxc6 bxc6 10. Bd3 Nf6 11. Bf5 O-O 12. Re3 Bxf5 13. Qf3 Bxc2 14. Nc3
d4 15. Re2 dxc3 16. dxc3 Bd1 17. Bg5 Bxe2 18. Qxe2 Rfe8 19. Qf3 Re6 20. h3 Rae8
21. g3 Re2 22. Bxf6 Re1+ 23. Rxe1 Rxe1+ 24. Kg2 gxf6 25. Qg4+ Kf8 26. Qh4 Ke7
27. Qxh7 Re2 28. Kf1 Rxb2 29. Qe4+ Kd8 30. Qe1 a5 31. a4 Qb6 32. Qd1 Rb1 33.
Ke1 Rxd1+ 34. Kxd1 Qb3+ 35. Kd2 Qxa4 36. h4 Qg4 37. f4 a4 38. c4 a3 39. h5 a2
40. h6 a1=Q 41. h7 Qh5 42. h8=Q+ Qxh8 43. g4 Qh3 44. f5 Qa2+ 45. Kc1 Qf1# 0-1

[Event "Michigan Women's"]
[Site "Ann Arbor, MI"]
[Date "1998.??.??"]
[Round "?"]
[White "Zarzycki, Amanda"]
[Black "Trice, Shevonne"]
[Result "0-1"]
[WhiteElo "1605"]
[BlackElo "1605"]
[PlyCount "46"]
[EventDate "1998.12.??"]

1. e4 e5 2. Nf3 Nc6 3. Nc3 Nf6 4. Bc4 Bc5 5. Ng5 d5 6. exd5 Nxd5 7. Bxd5 Qxg5
8. d4 Qe7 9. dxc5 Qxc5 10. Be3 Qd6 11. Qf3 Be6 12. O-O-O Nd4 13. Bxd4 exd4 14.
Rxd4 O-O 15. h4 Bxd5 16. Nxd5 c6 17. h5 cxd5 18. Rxd5 Qh6+ 19. Kb1 Qe6 20. h6
Rac8 21. b3 Qg6 22. Rh3 Qxc2+ 23. Ka1 Qc1# 0-1

[Event "Michigan Women's"]
[Site "Ann Arbor, MI"]
[Date "1998.??.??"]
[Round "?"]
[White "Zarzycki, Amanda"]
[Black "Raupp, Helene"]
[Result "0-1"]
[WhiteElo "1605"]
[BlackElo "1605"]
[PlyCount "68"]
[EventDate "1998.12.??"]

1. e4 e6 2. Nf3 d5 3. Nc3 c5 4. Nb5 dxe4 5. Ne5 f6 6. Ng4 Nc6 7. Bc4 Nge7 8.
O-O f5 9. Ne3 Ng6 10. d3 a6 11. Nc3 b5 12. Bxe6 Bxe6 13. Qh5 exd3 14. cxd3 Nd4
15. b3 Be7 16. g3 O-O 17. Ba3 b4 18. Bxb4 cxb4 19. Na4 Ne5 20. f4 Nxd3 21. Rad1
Nc5 22. Nxc5 Bxc5 23. h4 g6 24. Qh6 Bd5 25. h5 Qf6 26. Nxd5 Ne2+ 27. Kg2 Qc6
28. Kh3 Rfd8 29. g4 fxg4+ 30. Kxg4 Qe6+ 31. f5 gxf5+ 32. Kg5 Qxh6+ 33. Kxh6
Rxd5 34. Rxd5 Be3+ 0-1

[Event "U.S. Amateur North"]
[Site "Detroit, MI"]
[Date "1998.??.??"]
[Round "?"]
[White "Young, Corneil"]
[Black "Jaskot, Allan"]
[Result "1-0"]
[WhiteElo "1605"]
[BlackElo "1605"]
[PlyCount "111"]
[EventDate "1998.05.??"]

{5/24} 1. e4 b6 2. Bc4 Bb7 3. d3 Nf6 4. Nc3 e6 5. Nge2 d5 6. exd5 exd5 7. Bb5+
c6 8. Ba4 b5 9. Bb3 a5 10. a3 Bd6 11. Bf4 O-O 12. O-O Qc7 13. Bxd6 Qxd6 14. d4
Ng4 15. Ng3 Bc8 16. h3 Nf6 17. Qf3 Re8 18. Rae1 Rxe1 19. Rxe1 b4 20. axb4 Qxb4
21. Nf5 Bxf5 22. Qxf5 Nbd7 23. Qf4 Ne4 24. Qe3 Nxc3 25. Qxc3 Qxc3 26. bxc3 a4
27. Ba2 Nb6 28. Re7 Kf8 29. Rc7 Rc8 30. Rb7 Na8 31. c4 Nc7 32. Ra7 Ne6 33. c3
Nf4 34. Rxa4 Ne2+ 35. Kf1 Nxc3 36. Ra3 Nxa2 37. Rxa2 dxc4 38. Rc2 c5 39. Rxc4
Rd8 40. dxc5 Ke7 41. Ke2 Ke6 42. Ke3 Rd1 43. Rd4 Re1+ 44. Kd2 Re5 45. Rd6+ Ke7
46. Rc6 Kd7 47. Rd6+ Kc7 48. Ra6 Kb7 49. Rb6+ Kc7 50. Ra6 Kb7 51. Ra5 Kc6 52.
Ra8 Kxc5 53. Ra7 Rd5+ 54. Ke3 Re5+ 55. Kd3 Rd5+ 56. Kc3 {[No more available]}
1-0

[Event "U.S. Amateur North"]
[Site "Detroit, MI"]
[Date "1998.??.??"]
[Round "?"]
[White "Young, Corneil"]
[Black "Biondo, Anthony"]
[Result "0-1"]
[WhiteElo "1605"]
[BlackElo "1605"]
[PlyCount "98"]
[EventDate "1998.05.??"]

{5/23} 1. e4 e5 2. Nf3 Nc6 3. Bc4 Nd4 4. Nxe5 Qg5 5. Ng4 d5 6. Be2 Nxe2 7. Qxe2
Qxg4 8. Qxg4 Bxg4 9. exd5 Nf6 10. O-O Nxd5 11. Nc3 Nxc3 12. dxc3 O-O-O 13. Be3
b6 14. Bd4 f6 15. b4 Bxb4 16. cxb4 Rxd4 17. c3 Rd3 18. f3 Bh5 19. Rfc1 Rhd8 20.
c4 Bf7 21. c5 R8d4 22. a3 h5 23. h3 g5 24. Kh2 f5 25. b5 Bd5 26. c6 Rd2 27. Re1
Kd8 28. Re3 R4d3 29. Rxd3 Rxd3 30. a4 Rd2 31. Kg1 Ke7 32. Re1+ Kd6 33. Re8 Ra2
34. Rd8+ Kc5 35. Rd7 Rxa4 36. Rxc7 Kxb5 37. Rg7 g4 38. c7 Bb7 39. fxg4 fxg4 40.
hxg4 Rxg4 41. Rh7 Rxg2+ 42. Kf1 Rg5 43. Rh8 Rc5 44. Rh7 a5 45. Rg7 a4 46. Re7
a3 47. Re3 a2 48. Ra3 Rc1+ 49. Kf2 a1=Q 0-1

[Event "U.S. Amateur North"]
[Site "Detroit, MI"]
[Date "1998.??.??"]
[Round "?"]
[White "Young, Cordell"]
[Black "Whitaker, Deshontae"]
[Result "0-1"]
[WhiteElo "1605"]
[BlackElo "1605"]
[PlyCount "71"]
[EventDate "1998.05.??"]

{5/24} 1. e4 c5 2. Bc4 Nc6 3. d3 Nf6 4. Be3 e6 5. Nc3 Be7 6. d4 d5 7. exd5 exd5
8. Bb5 cxd4 9. Qxd4 O-O 10. Bxc6 bxc6 11. Nf3 c5 12. Qd2 d4 13. Bxd4 cxd4 14.
Nxd4 Bc5 15. Nc6 Re8+ 16. Kd1 Qxd2+ 17. Kxd2 Bf5 18. Rhe1 Bxf2 19. Rxe8+ Rxe8
20. Rf1 Be3+ 21. Kd1 Bg4+ 22. Ne2 Bxe2+ 23. Kxe2 Bd4+ 24. Kd3 Bxb2 25. Rb1 Be5
26. g3 h5 27. Re1 Nd7 28. Nd4 Kf8 29. Kc4 g5 30. Re4 Rc8+ 31. Kb4 Bd6+ 32. Kb5
Rc5+ 33. Ka6 Rc7 34. c4 Nc5+ 35. Kb5 Nxe4 36. Nf5 0-1

[Event "U.S. Amateur North"]
[Site "Detroit, MI"]
[Date "1998.??.??"]
[Round "?"]
[White "Young, Cordell"]
[Black "Reid, Ricky"]
[Result "0-1"]
[WhiteElo "1605"]
[BlackElo "1605"]
[PlyCount "90"]
[EventDate "1998.05.??"]

{5/23} 1. e4 c5 2. Nc3 Nc6 3. Nf3 g6 4. Nd5 Bg7 5. c3 Nf6 6. Nxf6+ Bxf6 7. d4
cxd4 8. cxd4 O-O 9. d5 Ne5 10. Nxe5 Bxe5 11. Qd2 d6 12. Bd3 f5 13. exf5 Bxf5
14. Bxf5 Rxf5 15. O-O Qc7 16. Qb4 Raf8 17. f3 a5 18. Qb3 Bd4+ 19. Be3 Bxe3+ 20.
Qxe3 Rxd5 21. Qe6+ Kg7 22. Qxd5 Rf5 23. Qd4+ e5 24. Rac1 Qxc1 25. Rxc1 exd4 26.
Rc7+ Rf7 27. Rxf7+ Kxf7 28. Kf1 Ke6 29. Ke2 Ke5 30. Kd3 b5 31. g3 g5 32. h4
gxh4 33. gxh4 h5 34. b3 d5 35. Ke2 Kf4 36. Kd3 Kxf3 37. Kxd4 Kg4 38. Kxd5 Kxh4
39. Ke4 Kg3 40. Ke3 Kg2 41. Kf4 h4 42. Kg4 h3 43. a4 bxa4 44. bxa4 h2 45. Kf4
h1=Q 0-1

[Event "U.S. Amateur North"]
[Site "Detroit, MI"]
[Date "1998.??.??"]
[Round "?"]
[White "Yeager, John"]
[Black "Moore, Robert"]
[Result "0-1"]
[WhiteElo "1605"]
[BlackElo "1605"]
[PlyCount "128"]
[EventDate "1998.05.??"]

{5/23} 1. c4 g6 2. d4 Bg7 3. Nf3 d6 4. e3 Nd7 5. Be2 e5 6. d5 Ne7 7. e4 O-O 8.
Nc3 f5 9. Qc2 Nf6 10. Bg5 h6 11. Bxf6 Bxf6 12. Bd3 f4 13. Ng1 g5 14. O-O-O Ng6
15. f3 Bd7 16. g3 Kg7 17. g4 Nh4 18. Qf2 a6 19. Kb1 Qe8 20. Nge2 b5 21. Nc1
bxc4 22. Bxc4 Qb8 23. b3 Qb4 24. Rd3 Rfb8 25. Kc2 a5 26. Qd2 a4 27. Kd1 axb3
28. Bxb3 Bb5 29. Nxb5 Qxd2+ 30. Kxd2 Rxb5 31. h3 Rb4 32. Rf1 Ng2 33. Rc3 Rd4+
34. Rd3 Rxd3+ 35. Kxd3 Ra5 36. Ke2 Rc5 37. Kf2 Ne3 38. Re1 Rc3 39. Ne2 Rd3 40.
Rc1 Bd8 41. Bc2 Nxc2 42. Rxc2 Kf7 43. a4 Ra3 44. Rc4 Ke7 45. Kg2 Ra2 46. Kf2
Kd7 47. Kf1 Ra1+ 48. Kg2 Kc8 49. Kf2 Kb7 50. Rb4+ Ka7 51. Nc3 c5 52. dxc6 Bb6+
53. Ke2 Rc1 54. Nb5+ Ka6 55. Nxd6 Rxc6 56. Nc4 Bd4 57. Kd3 Rc7 58. Rb8 Rd7 59.
Kc2 Rc7 60. Kb3 Rb7+ 61. Rxb7 Kxb7 62. Kb4 Kc6 63. a5 Bc5+ 64. Kc3 Bd4+ 0-1

[Event "Michigan Women's"]
[Site "Ann Arbor, MI"]
[Date "1998.??.??"]
[Round "?"]
[White "Yancey, Seleana"]
[Black "Thompson, Shereece"]
[Result "1-0"]
[WhiteElo "1605"]
[BlackElo "1605"]
[PlyCount "67"]
[EventDate "1998.12.??"]

1. e4 e5 2. Nf3 Nc6 3. Bb5 Nf6 4. Nc3 Bb4 5. O-O d6 6. d4 Bg4 7. d5 O-O 8. dxc6
bxc6 9. Bxc6 Rb8 10. h3 Be6 11. Be3 Bc4 12. Re1 h6 13. Bxa7 Rc8 14. Bb7 Qd7 15.
Bxc8 Rxc8 16. a3 Bxc3 17. bxc3 d5 18. exd5 Bxd5 19. Nxe5 Qb5 20. Rb1 Qa5 21.
Be3 Ba2 22. Rb4 Qxe5 23. Bd4 Qd5 24. Re5 Qc6 25. Rc5 Qe4 26. Bxf6 Qg6 27. Bxg7
Qxg7 28. Rg4 Qxg4 29. Qxg4+ Kf8 30. Rc6 Rd8 31. Kh2 Be6 32. Qh4 Ke8 33. Rxc7
Rd2 34. Qe7# 1-0

[Event "Michigan Women's"]
[Site "Ann Arbor, MI"]
[Date "1998.??.??"]
[Round "?"]
[White "Yancey, Seleana"]
[Black "Horne, Terese"]
[Result "1-0"]
[WhiteElo "1605"]
[BlackElo "1605"]
[PlyCount "23"]
[EventDate "1998.12.??"]

1. e4 e5 2. Nf3 Nc6 3. Bb5 Nf6 4. Nc3 Bc5 5. Nd5 Ng4 6. d4 exd4 7. Nxd4 Bxd4 8.
Qxg4 a6 9. Bc4 Ne5 10. Qxg7 Nxc4 11. Qxd4 c6 12. Qxh8# 1-0

[Event "Michigan Open"]
[Site "Flint, MI"]
[Date "1998.??.??"]
[Round "?"]
[White "Wydryck, Robert"]
[Black "Williams, Ron"]
[Result "1-0"]
[WhiteElo "1925"]
[BlackElo "1840"]
[PlyCount "87"]
[EventDate "1998.09.??"]

{9/7} 1. e4 c5 2. Nf3 Nc6 3. d4 cxd4 4. Nxd4 e6 5. Nc3 a6 6. Be2 Nge7 7. Nb3
Ng6 8. a4 Be7 9. Be3 b6 10. O-O O-O 11. f4 d6 12. Bf3 Nh4 13. Be2 Bb7 14. Qd2
Ng6 15. Rad1 Qc7 16. Qe1 Rab8 17. Qg3 Kh8 18. Bh5 Nb4 19. Qf2 Ba8 20. Nd4 Bf6
21. Bxg6 hxg6 22. f5 gxf5 23. exf5 Bxd4 24. Rxd4 exf5 25. Rxb4 Qc6 26. Qg3 f6
27. Rh4+ Kg8 28. Rxf5 Kf7 29. Rg4 Rg8 30. Rf2 Rbe8 31. Rd2 Re6 32. Ne2 Qe8 33.
Rd3 f5 34. Rc4 Rg6 35. Rc7+ Kf8 36. Qf4 Rxg2+ 37. Kf1 Rg6 38. Rxd6 Be4 39. Rcd7
Qxd7 40. Rxd7 Ke8 41. Rc7 Re6 42. Nd4 g5 43. Rc8+ Kf7 44. Qc7+ 1-0

[Event "Michigan Open"]
[Site "Flint, MI"]
[Date "1998.??.??"]
[Round "?"]
[White "Wydryck, Robert"]
[Black "Spooner, Frank"]
[Result "1-0"]
[WhiteElo "1925"]
[BlackElo "1795"]
[PlyCount "47"]
[EventDate "1998.09.??"]

{9/6} 1. e4 c5 2. Nf3 e6 3. Be2 a6 4. O-O Qc7 5. d4 cxd4 6. Nxd4 Nf6 7. f3 Bd6
8. Kh1 Bxh2 9. f4 Bg3 10. Qd3 e5 11. Qxg3 Nxe4 12. Qxg7 Rf8 13. fxe5 Qd8 14.
Bh6 Qh4+ 15. Kg1 Qe7 16. Qxf8+ Qxf8 17. Bxf8 Kxf8 18. Bd3 d5 19. Bxe4 dxe4 20.
e6 Nc6 21. Rxf7+ Ke8 22. Nxc6 bxc6 23. Rxh7 Bxe6 24. Rh8+ 1-0

[Event "Michigan Open"]
[Site "Flint, MI"]
[Date "1998.??.??"]
[Round "?"]
[White "Wydryck, Robert"]
[Black "Belill, Nathan"]
[Result "0-1"]
[WhiteElo "1925"]
[BlackElo "1605"]
[PlyCount "106"]
[EventDate "1998.09.??"]

{9/5} 1. e4 c5 2. Nf3 d6 3. d4 cxd4 4. Nxd4 Nf6 5. Nc3 a6 6. Bg5 e6 7. Qd2 h6
8. Bh4 Nxe4 9. Nxe4 Qxh4 10. Bd3 d5 11. g3 Qd8 12. Nc3 Be7 13. O-O-O Bd7 14. f4
O-O 15. h4 Nc6 16. Nxc6 bxc6 17. g4 Bxh4 18. g5 hxg5 19. Rxh4 gxh4 20. Rh1 f5
21. Qf2 Rf6 22. Qxh4 Rh6 23. Qxd8+ Rxd8 24. Rxh6 gxh6 25. Bxa6 c5 26. Be2 Kf7
27. Nd1 Kf6 28. Nf2 c4 29. b3 Bb5 30. a4 Ba6 31. b4 Rb8 32. c3 d4 33. b5 d3 34.
Bh5 Bb7 35. Kb2 Be4 36. Ka3 e5 37. fxe5+ Kxe5 38. Kb4 Bd5 39. a5 Kd6 40. Bd1
Bc6 41. b6 Kd5 42. Bf3+ Kd6 43. Bh5 Bd5 44. Nh3 d2 45. Kb5 Bf7 46. Bf3 Bd5 47.
Bd1 Rg8 48. Nf4 Bc6+ 49. Kxc4 Rg1 50. Bh5 d1=Q 51. Bxd1 Rxd1 52. a6 Rb1 53. b7
Bb5+ 0-1

[Event "Michigan Junior Invitational"]
[Site "Ann Arbor, MI"]
[Date "1998.??.??"]
[Round "?"]
[White "Wyatt, David"]
[Black "Mankiewicz, Ryan"]
[Result "0-1"]
[WhiteElo "1725"]
[BlackElo "2050"]
[PlyCount "88"]
[EventDate "1998.??.??"]

{6/27} 1. e4 e6 2. d4 d5 3. Nc3 Nf6 4. Bg5 Be7 5. e5 Nfd7 6. Bxe7 Qxe7 7. f4
O-O 8. Nf3 c5 9. Bd3 f6 10. exf6 Qxf6 11. g3 cxd4 12. Nxd4 Nc6 13. Nxc6 bxc6
14. Qd2 c5 15. O-O-O c4 16. Be2 Bb7 17. Rhf1 Nb6 18. Qe3 Rad8 19. Nb5 Na4 20.
Nd4 Rd6 21. c3 Rb6 22. Rd2 Rb8 23. Bd1 Nc5 24. Bc2 Ba6 25. Bb1 Na4 26. Rff2 Qe7
27. Qe5 Nxc3 28. Nxe6 Nxb1 29. Kxb1 Qxe6 30. Rxd5 c3 31. b3 Qxe5 32. fxe5 Rf8
33. Rxf8+ Kxf8 34. Kc2 Rc6 35. Rd7 Bc8 36. Rxa7 Bf5+ 37. Kc1 Rc5 38. Ra8+ Kf7
39. Ra7+ Ke6 40. Rxg7 Rxe5 41. Kd1 c2+ 42. Kd2 Rd5+ 43. Kc1 Rd1+ 44. Kb2 c1=Q#
0-1

[Event "Michigan Junior Invitational"]
[Site "Ann Arbor, MI"]
[Date "1998.??.??"]
[Round "?"]
[White "Wyatt, David"]
[Black "Hartwig, Thomas"]
[Result "0-1"]
[WhiteElo "1725"]
[BlackElo "2025"]
[PlyCount "72"]
[EventDate "1998.??.??"]

{6/28} 1. e4 c5 2. Nc3 Nc6 3. f4 g6 4. Nf3 Bg7 5. Bc4 e6 6. f5 Nge7 7. fxe6
fxe6 8. d3 d5 9. Bb3 b5 10. a3 c4 11. dxc4 dxc4 12. Qxd8+ Nxd8 13. Nxb5 cxb3
14. Nc7+ Kd7 15. Nxa8 bxc2 16. O-O Bb7 17. Nc7 Kxc7 18. Bf4+ Kc8 19. Rfe1 Ndc6
20. e5 Nd5 21. Bg3 Bh6 22. Rac1 Bxc1 23. Rxc1 Ne3 24. Bf2 Ng4 25. Rxc2 Nxf2 26.
Kxf2 Kd7 27. Ke3 Rf8 28. b4 Ne7 29. Nd4 Nf5+ 30. Kd3 Nxd4 31. Kxd4 Rf1 32. Kc5
Re1 33. Rd2+ Kc7 34. Rd6 Rxe5+ 35. Rd5 exd5 36. b5 d4+ 0-1

[Event "Michigan Junior Invitational"]
[Site "Ann Arbor, MI"]
[Date "1998.??.??"]
[Round "?"]
[White "Wyatt, David"]
[Black "Brumley, Ron"]
[Result "1-0"]
[WhiteElo "1725"]
[BlackElo "1755"]
[PlyCount "27"]
[EventDate "1998.??.??"]

{6/27} 1. e4 c5 2. Nc3 Nc6 3. f4 d6 4. Bc4 a6 5. a4 g6 6. d3 Bg7 7. Nf3 Bg4 8.
h3 Bxf3 9. Qxf3 e6 10. O-O Nge7 11. Be3 Nb4 12. Bb3 Qb6 13. a5 Qc6 14. Ba4 1-0

[Event "Kalamazoo Mini-Swiss.3"]
[Site "Kalamazoo, MI"]
[Date "1998.??.??"]
[Round "?"]
[White "Wrabel, C."]
[Black "Treacy, Joe"]
[Result "1-0"]
[WhiteElo "1760"]
[BlackElo "1660"]
[PlyCount "57"]
[EventDate "1998.??.??"]

1. c4 Nf6 2. Nc3 e5 3. Nf3 Nc6 4. e3 Be7 5. d4 exd4 6. Nxd4 Nxd4 7. Qxd4 O-O 8.
Be2 d6 9. O-O Bf5 10. e4 Be6 11. b3 Qd7 12. Bb2 Rad8 13. Nd5 c6 14. Nxe7+ Qxe7
15. Bf3 b6 16. Ba3 Qd7 17. Rad1 c5 18. Qe3 Qc7 19. Bb2 Qe7 20. Qf4 Rfe8 21. Rd3
Bc8 22. Qg3 Bb7 23. Re3 Kh8 24. Rfe1 a6 25. Be2 Bc6 26. Bf3 b5 27. e5 Bxf3 28.
exf6 Qxf6 29. Rxe8+ 1-0

[Event "Kalamazoo Mini-Swiss.1"]
[Site "Kalamazoo, MI"]
[Date "1998.??.??"]
[Round "?"]
[White "Wrabel, C."]
[Black "Griffin, John"]
[Result "1-0"]
[WhiteElo "1760"]
[BlackElo "1605"]
[PlyCount "96"]
[EventDate "1998.??.??"]

1. c4 c5 2. Nf3 Nf6 3. d4 cxd4 4. Nxd4 e6 5. Nc3 b6 6. Ndb5 d6 7. Bf4 e5 8. Bg5
a6 9. Bxf6 gxf6 10. Qd5 axb5 11. Qxa8 Be6 12. cxb5 d5 13. g3 d4 14. Rd1 Bb4 15.
Bg2 O-O 16. O-O Bxc3 17. bxc3 Bc4 18. Rfe1 Bxb5 19. cxd4 exd4 20. Qd5 Qxd5 21.
Bxd5 Kg7 22. Rxd4 f5 23. Rb4 Bd7 24. Rxb6 Rd8 25. Reb1 Ba4 26. Bb3 Be8 27. Bc2
Nd7 28. Rd6 Ra8 29. Bxf5 Nc5 30. Rd2 Na4 31. Bd7 Nc3 32. Rbb2 Bxd7 33. Rxd7
Nxa2 34. Rc7 Ra4 35. Rbb7 Nb4 36. Rxf7+ Kg6 37. Rxh7 Nd5 38. Kg2 Nf6 39. Rhg7+
Kf5 40. f3 Ra2 41. Kf2 Ra6 42. Rb5+ Ke6 43. Rg6 Kf7 44. Rgg5 Ke6 45. h4 Nh7 46.
Rg6+ Nf6 47. h5 Kf7 48. Rb7+ Kf8 1-0

[Event "Michigan Class D/E"]
[Site "Grand Rapids, MI"]
[Date "1998.??.??"]
[Round "?"]
[White "Worley, Ron"]
[Black "Poniatowski, Don"]
[Result "1-0"]
[WhiteElo "1605"]
[BlackElo "1605"]
[PlyCount "31"]
[EventDate "1998.01.??"]

1. e4 Nf6 2. e5 Nd5 3. c4 Nb6 4. Nf3 d6 5. d4 Bg4 6. Be2 Nc6 7. exd6 cxd6 8.
O-O Bxf3 9. Bxf3 Nxc4 10. d5 N6e5 11. Be2 Nb6 12. Nc3 g6 13. Bb5+ Ned7 14. Qe2
a6 15. Ne4 Nc8 16. Nf6# 1-0

[Event "Michigan Class D/E"]
[Site "Grand Rapids, MI"]
[Date "1998.??.??"]
[Round "?"]
[White "Worley, Ron"]
[Black "Mitchell, Dave"]
[Result "1-0"]
[WhiteElo "1605"]
[BlackElo "1605"]
[PlyCount "43"]
[EventDate "1998.01.??"]

1. e4 d6 2. f4 Nf6 3. Nc3 c6 4. Nf3 Bg4 5. Be2 Nbd7 6. O-O e6 7. d4 Qb6 8. Kh1
Bxf3 9. Bxf3 e5 10. fxe5 dxe5 11. d5 Rd8 12. h3 Nc5 13. Be3 Qb4 14. Qe1 cxd5
15. a3 Qb6 16. exd5 Bd6 17. b4 Qc7 18. bxc5 Bxc5 19. Bxc5 Qxc5 20. Qxe5+ Kf8
21. Ne4 Rxd5 22. Qb8+ 1-0

[Event "Michigan Class D/E"]
[Site "Grand Rapids, MI"]
[Date "1998.??.??"]
[Round "?"]
[White "Worley, Ron"]
[Black "Mihelich, John"]
[Result "1-0"]
[WhiteElo "1605"]
[BlackElo "1605"]
[PlyCount "83"]
[EventDate "1998.01.??"]

1. e4 e5 2. f4 Nc6 3. Nf3 d6 4. Bc4 h6 5. O-O Be7 6. b3 Be6 7. Bxe6 fxe6 8.
fxe5 dxe5 9. Bb2 Bd6 10. Na3 Qd7 11. Nc4 Nf6 12. d3 O-O 13. Ncxe5 Bxe5 14. Nxe5
Qe8 15. Nxc6 Qxc6 16. Bxf6 Rxf6 17. Rxf6 gxf6 18. c4 e5 19. Qd2 Qd7 20. Qe3 Rd8
21. Rd1 Qd4 22. Qxd4 Rxd4 23. Kf2 c5 24. Ke2 Kg7 25. Rf1 a5 26. g4 Rd6 27. h4
Rb6 28. g5 fxg5 29. hxg5 h5 30. Rf5 Re6 31. Kf3 Kg6 32. Kg3 Kg7 33. Kh4 Kg6 34.
Rf6+ Rxf6 35. gxf6 Kxf6 36. Kxh5 Kf7 37. Kg5 Ke6 38. Kg6 Ke7 39. Kf5 Kd6 40.
Kf6 a4 41. bxa4 b6 42. a3 1-0

[Event "Michigan Open"]
[Site "Flint, MI"]
[Date "1998.??.??"]
[Round "?"]
[White "Wisckol, Richard"]
[Black "Vasas, Jon"]
[Result "1-0"]
[WhiteElo "1905"]
[BlackElo "1660"]
[PlyCount "81"]
[EventDate "1998.09.??"]

{9/6} 1. c4 g6 2. Nc3 Bg7 3. d4 c5 4. d5 e6 5. Nf3 exd5 6. cxd5 d6 7. e4 Nf6 8.
Bd3 O-O 9. O-O Bg4 10. h3 Bxf3 11. Qxf3 Na6 12. Bxa6 bxa6 13. Bd2 Rb8 14. Rab1
Re8 15. Rfe1 Nd7 16. Qe2 Qc8 17. Qf1 a5 18. b3 a6 19. Na4 Qc7 20. Qxa6 Ra8 21.
Qf1 Nb6 22. Nxb6 Qxb6 23. Qc4 Qa6 24. Qxa6 Rxa6 25. f3 Bd4+ 26. Be3 Bxe3+ 27.
Rxe3 f6 28. Rc3 Rb8 29. Rc4 Rb4 30. a3 Rb7 31. Ra4 Kf7 32. b4 Rab6 33. Rxa5
cxb4 34. Rxb4 Rxb4 35. axb4 Rxb4 36. Ra7+ Kg8 37. Ra6 Rb1+ 38. Kf2 Rb2+ 39. Kg3
Rb7 40. Rxd6 Kf7 41. Rc6 1-0

[Event "U.S. Amateur North"]
[Site "Detroit, MI"]
[Date "1998.??.??"]
[Round "?"]
[White "Wisckol, Richard"]
[Black "Sims, Chris"]
[Result "1-0"]
[WhiteElo "1905"]
[BlackElo "1605"]
[PlyCount "75"]
[EventDate "1998.05.??"]

{5/23} 1. c4 e5 2. Nc3 Nf6 3. g3 c6 4. e3 d5 5. d4 e4 6. cxd5 cxd5 7. Bg2 Nc6
8. f3 exf3 9. Nxf3 Be7 10. O-O Bg4 11. Qa4 O-O 12. Ne5 Bd7 13. Qb3 Na5 14. Qd1
Bc6 15. a3 Qc7 16. Bd2 Nc4 17. Nxc4 dxc4 18. e4 Rfd8 19. d5 Bc5+ 20. Kh1 Bd7
21. Qe2 b5 22. Bg5 Qb6 23. e5 Ng4 24. Bxd8 Rxd8 25. Ne4 Qa6 26. Bf3 Nf2+ 27.
Nxf2 Bf5 28. Rad1 Bxf2 29. Rxf2 Bd3 30. Rxd3 cxd3 31. Qxd3 Qb6 32. Rc2 Qa5 33.
b4 Qb6 34. Rc5 a6 35. d6 Re8 36. d7 Rd8 37. Rc8 Kf8 38. Qd6+ 1-0

[Event "Michigan Open"]
[Site "Flint, MI"]
[Date "1998.??.??"]
[Round "?"]
[White "Wisckol, Richard"]
[Black "Rogers, Bradley"]
[Result "1/2-1/2"]
[WhiteElo "1905"]
[BlackElo "2090"]
[PlyCount "103"]
[EventDate "1998.09.??"]

{9/4} 1. c4 Nf6 2. Nc3 g6 3. e4 d6 4. d4 Bg7 5. Nf3 O-O 6. Be2 c5 7. O-O cxd4
8. Nxd4 Nc6 9. Be3 Bd7 10. Rb1 Rc8 11. f3 Ne5 12. b3 a6 13. Qd2 h5 14. Rfc1 Kh7
15. Nd5 Ng8 16. Qb4 Nc6 17. Nxc6 Bxc6 18. Rd1 Nf6 19. Rbc1 Bxd5 20. cxd5 Qd7
21. Qb6 Rxc1 22. Rxc1 Rc8 23. Rxc8 Qxc8 24. Bc4 Nd7 25. Qb4 b5 26. Be2 Qc2 27.
Qd2 Qb1+ 28. Kf2 Nc5 29. Bd1 Be5 30. g3 Nd3+ 31. Ke2 Nb2 32. a4 bxa4 33. bxa4
Nc4 34. Qc2 Qb4 35. Qb3 Qxb3 36. Bxb3 Nxe3 37. Kxe3 h4 38. f4 hxg3 39. hxg3 Bc3
40. g4 Kg7 41. f5 g5 42. Kd3 Bb4 43. a5 Bxa5 44. Bc4 Kf6 45. Ke2 Ke5 46. Kf3
Bd2 47. Bxa6 e6 48. fxe6 fxe6 49. dxe6 Kxe6 50. Bb7 Ke5 51. Bd5 Bf4 52. Bb7
1/2-1/2

[Event "Michigan Open"]
[Site "Flint, MI"]
[Date "1998.??.??"]
[Round "?"]
[White "Wisckol, Richard"]
[Black "Hartwig, Thomas"]
[Result "0-1"]
[WhiteElo "1905"]
[BlackElo "2015"]
[PlyCount "106"]
[EventDate "1998.09.??"]

{9/6} 1. c4 e5 2. Nc3 Nf6 3. g3 c6 4. Bg2 d5 5. cxd5 cxd5 6. e3 Nc6 7. Nge2 Bf5
8. a3 Qd7 9. d4 e4 10. O-O Bg4 11. f3 exf3 12. Bxf3 Bxf3 13. Rxf3 Be7 14. Bd2
O-O 15. Nf4 Rac8 16. Qe2 Nd8 17. Nd3 Ne4 18. Ne5 Nxc3 19. Bxc3 Qe6 20. Raf1 f6
21. Nd3 Nf7 22. Nf4 Qd7 23. h4 Qc6 24. Nd3 Rfe8 25. g4 Qa6 26. g5 Nd6 27. gxf6
Bxf6 28. Rxf6 gxf6 29. Rxf6 Kh8 30. Nf4 Qxe2 31. Nxe2 Ne4 32. Rf7 Rg8+ 33. Kh2
Rcf8 34. Rxf8 Rxf8 35. Nf4 Nxc3 36. bxc3 Rd8 37. Kg3 Rd6 38. Kf3 Kg7 39. Nd3
Ra6 40. Nb4 Ra4 41. Kg4 Kg6 42. Kf4 Kf6 43. Kg4 Ke6 44. Kh5 Rxa3 45. Kh6 Rxc3
46. Kxh7 a5 47. Nxd5 Kxd5 48. e4+ Kxe4 49. h5 Kxd4 50. h6 a4 51. Kg7 a3 52. h7
Rc7+ 53. Kg8 Rxh7 0-1